ऐसे बने थे लाला लाजपतराय (Record no. 63619)
[ view plain ]
| 000 -LEADER | |
|---|---|
| fixed length control field | 00366nam a22000977a 4500 |
| 100 ## - MAIN ENTRY--AUTHOR NAME | |
| Personal name | श्रीवास्पव,विनय |
| 245 ## - TITLE STATEMENT | |
| Title | ऐसे बने थे लाला लाजपतराय |
| 260 ## - PUBLICATION, DISTRIBUTION, ETC. (IMPRINT) | |
| Place of publication | दिल्ली |
| Name of publisher | श्रीनाथ बुक्स हाऊस |
| Year of publication | 2019 |
| 650 ## - SUBJECT ADDED ENTRY--TOPICAL TERM | |
| Topical Term | जीवनी |
| 942 ## - ADDED ENTRY ELEMENTS (KOHA) | |
| Koha item type | Hindi Books |
| Withdrawn status | Lost status | Damaged status | Not for loan | Home library | Current library | Date acquired | Cost, normal purchase price | Full call number | Accession Number | Price effective from | Koha item type |
|---|---|---|---|---|---|---|---|---|---|---|---|
| MACL | MACL | 14/10/2020 | 400.00 | 920/SHR | CRH038633 | 14/10/2020 | Hindi Books |









